Industrial research and technological innovation: an econometric analysis (Record no. 372959)

000 -LEADER
fixed length control field 00480cam a22001457a 4500
008 - FIXED-LENGTH DATA ELEMENTS--GENERAL INFORMATION
fixed length control field 180718b1969 xxu||||| |||| 00| 0 eng d
082 ## - DEWEY DECIMAL CLASSIFICATION NUMBER
Classification number T25084 M318e
100 ## - MAIN ENTRY--PERSONAL NAME
Personal name Manfield, Edwin
245 ## - TITLE STATEMENT
Title Industrial research and technological innovation: an econometric analysis
Statement of responsibility, etc. by Edwin Manfield
260 ## - PUBLICATION, DISTRIBUTION, ETC.
Place of publication, distribution, etc. London
Name of publisher, distributor, etc. Longmans
Date of publication, distribution, etc. 1969
300 ## - PHYSICAL DESCRIPTION
Extent 235p.
650 ## - SUBJECT ADDED ENTRY--TOPICAL TERM
Topical term or geographic name entry element Econometrics
650 ## - SUBJECT ADDED ENTRY--TOPICAL TERM
Topical term or geographic name entry element Research, Industrial --United States
650 ## - SUBJECT ADDED ENTRY--TOPICAL TERM
Topical term or geographic name entry element Technological innovations --United States
Holdings
Withdrawn status Lost status Damaged status Not for loan Permanent Location Current Location Date acquired Full call number Barcode Date last seen Price effective from Koha item type
        Indian Institute of Public Administration Indian Institute of Public Administration 1994-06-17 T25084 M318e 44519 2018-07-21 2018-07-21 Book

Powered by Koha